Countries of the World Quiz - 10 minutes - Statistics

General Stats
  • This quiz has been taken 559 times
  • The average score is 118 of 196
Answers on the Map
Answers color-coded by a green-red scale on the quiz's map according to % correct below.
 
Answer Stats
Country % Correct
United States
96%
Canada
94%
Russia
94%
China
93%
Mexico
92%
Brazil
91%
United Kingdom
91%
Australia
89%
France
89%
Italy
89%
Spain
88%
Argentina
87%
Chile
87%
Germany
87%
India
87%
Japan
87%
Denmark
86%
Iceland
86%
Ireland
86%
North Korea
85%
South Africa
85%
South Korea
85%
Portugal
84%
Sweden
83%
Turkey
83%
Ukraine
83%
Norway
82%
Peru
82%
Greece
81%
Madagascar
81%
Mongolia
81%
Egypt
80%
Finland
80%
Iran
80%
Iraq
80%
New Zealand
80%
Poland
80%
Cuba
77%
Pakistan
77%
Switzerland
77%
Netherlands
76%
Colombia
75%
Venezuela
75%
Democratic Republic of the Congo
74%
Indonesia
74%
Morocco
74%
Niger
74%
Saudi Arabia
74%
Austria
73%
Belgium
73%
Bolivia
73%
Kazakhstan
73%
Panama
73%
Sudan
73%
Thailand
72%
Uruguay
72%
Romania
71%
Vietnam
71%
Afghanistan
70%
Croatia
70%
United Arab Emirates
70%
Chad
69%
Algeria
68%
Belarus
68%
Israel
68%
Nigeria
68%
Republic of the Congo
68%
Nepal
67%
Paraguay
67%
Philippines
67%
Yemen
67%
Laos
65%
Oman
65%
Slovakia
65%
Hungary
64%
Somalia
64%
Sri Lanka
64%
Dominican Republic
63%
Ecuador
63%
Jamaica
63%
Lithuania
63%
Malaysia
63%
Albania
62%
Cambodia
62%
Czech Republic
62%
Estonia
62%
Haiti
62%
Latvia
62%
Slovenia
62%
South Sudan
62%
Bulgaria
61%
Qatar
61%
Serbia
61%
Taiwan
61%
Bangladesh
60%
Dominica
60%
Georgia
60%
Kenya
60%
Libya
60%
Papua New Guinea
60%
Vatican City
60%
Ethiopia
59%
Tunisia
59%
Uzbekistan
59%
Mali
58%
Turkmenistan
58%
Honduras
57%
Jordan
57%
Myanmar
57%
Syria
57%
Zimbabwe
57%
Bosnia and Herzegovina
56%
Costa Rica
56%
Guatemala
56%
Ghana
55%
Guinea
55%
Azerbaijan
54%
Cyprus
54%
Luxembourg
54%
Armenia
53%
Bahamas
53%
Monaco
53%
North Macedonia
53%
Tajikistan
53%
Andorra
52%
Angola
52%
Bhutan
52%
Fiji
52%
Guyana
52%
Malta
52%
Zambia
52%
Central African Republic
51%
Lebanon
51%
Montenegro
51%
Moldova
50%
Suriname
50%
El Salvador
49%
Nicaragua
48%
Senegal
48%
Belize
47%
Kosovo
47%
Kuwait
47%
Mozambique
47%
Namibia
47%
Singapore
47%
Togo
47%
Uganda
47%
Botswana
46%
Cameroon
46%
Kyrgyzstan
46%
Lesotho
46%
Liechtenstein
46%
Tanzania
46%
Ivory Coast
45%
Maldives
45%
Rwanda
45%
Eritrea
44%
San Marino
44%
Equatorial Guinea
43%
Bahrain
42%
Liberia
42%
Barbados
41%
Benin
41%
Federated States of Micronesia
40%
Gambia
40%
Tonga
40%
Mauritania
39%
Djibouti
38%
Malawi
38%
Trinidad and Tobago
38%
Gabon
37%
Guinea-Bissau
37%
Mauritius
37%
Burkina Faso
36%
Cape Verde
36%
Marshall Islands
36%
Saint Lucia
36%
Seychelles
36%
Brunei
35%
East Timor
35%
Kiribati
35%
Saint Kitts and Nevis
35%
Samoa
35%
Sierra Leone
35%
Tuvalu
35%
Eswatini
34%
Palau
34%
Solomon Islands
34%
Nauru
33%
Burundi
32%
Vanuatu
32%
Antigua and Barbuda
31%
Comoros
31%
Grenada
29%
São Tomé and Príncipe
29%
Saint Vincent and the Grenadines
27%
No matching quizzes found
Score Distribution
Percent of People with Each Score
Percentile by Number Answered
Your Score History
You have not taken this quiz